| 000 | 01122cad a22002295a 4500 | ||
|---|---|---|---|
| 001 | L151547 | ||
| 008 | 101116s2010 d f s 000 0 eng u | ||
| 035 | _a(Sirsi) u151547 | ||
| 041 | 0 | _aeng | |
| 050 | _a333.33 $2 18 | ||
| 110 | 2 | _aRightmove | |
| 245 | 0 | 0 |
_aChristmas slowdown comes early as buyers and sellers play wait and see _h[electronic resource] |
| 260 |
_aLondon _bRightmove _c2010 |
||
| 490 | 0 | 0 |
_aRightmove House Price Index _vNovember 2010 |
| 520 | _aAverage national asking price down by up by 3.2% on the October 2010 figure, the biggest monthly drop since December 2007. Year-on-year price growth heads for zero. Unseasonally high number of unsold propeties and longest ever time on the market nean sellers face tough competition while winter buyers hang back waiting for bargains. | ||
| 590 | _aKA NTK | ||
| 650 | 2 | 4 | _aRIGHTMOVE HOUSE PRICE INDEX |
| 651 | 4 |
_aUnited Kingdom _y |
|
| 690 | _aPROPERTY-RESIDENTIAL PROPERTY-RESIDENTIAL PROPERTY MARKET | ||
| 856 | 4 | 0 |
_uhttps://www.rightmove.co.uk/news/files/2010/11/november-2010.pdf _zView the item free of charge at www.rightmove.co.uk |
| 942 | _n0 | ||
| 999 |
_c111437 _d111437 |
||